000 00243nam a2200085Ia 4500
245 0 _aHeroin : the deadly addiction
100 _a BREZINA, Corona New York, 2009 1st ed
_960101
942 _cBK
008 210817s9999 xx 000 0 und d
999 _c296275
_d296274